| Поле | Инд. | ПП | Название | Значение |
|---|---|---|---|---|
| Тип записи | a | |||
| Библиографический уровень | a | |||
| 001 | Контрольный номер | 55cf0a6f7d2b402da427f01601d131d0 | ||
| 005 | Дата корректировки | 20260702124956.4 | ||
| 040 | a | Служба первич. каталог. | 10013504 | |
| 041 | 0_ | a | Код языка текста | rus |
| 100 | 1_ | a | Автор | Козлов В.И. |
| q | Полное имя | Козлов В.И. | ||
| 245 | 10 | a | Заглавие | Исследование влияния помех на величину времени осреднения, выбор времени осреднения и экспериментальное устройство для определения импульсной переходной функции линейной динамической системы |
| 653 | 0_ | a | Ключевые слова | АВТОР МАИ |
| 700 | 12 | a | Другие авторы | Косолапов О.П. |
| q | Полное имя | Косолапов О.П. | ||
| 700 | 12 | a | Другие авторы | Розенбейн К.В. |
| q | Полное имя | Розенбейн К.В. | ||
| 773 | 18 | a | Заголовок основной записи | Московский авиационный институт им. С. Орджоникидзе |
| w | Контрольный № источника | fbfa3087e78d41ac9e797376397df740 | ||
| t | Название источника | Труды института | ||
| d | Место и дата издания | Москва : МАИ, 1970 | ||
| g | Прочая информация | Вып. 216. - С. 56-84 | ||
| 901 | t | Тип документа | a |